01918nam a22003977a 4500003000400000005001700004008004100021040002200062082001800084100003200102245003500134260008200169300001900251490002800270505001400298505006100312505005600373505015700429505010400586505006200690505004600752505009700798505003000895650004600925650004500971650005501016650004401071650005701115650004301172650004401215650004301259650004701302942002901349999001501378952012701393OSt20230424100733.0221006b |||||||| |||| 00| 0 eng d cBiblioteca Lado V a792.05bG143e 9812aGainza, Gastoneeditor aEscena/bRevista de las Artes/ bUniversidad de Costa RicabVicerrectoria de acción socialc2009aCosta Rica c21x28cma114p. v2009v32x1409 2522a65 tEditorial tArquitectura y UrbanismoaRepresentación de la memoria tArtes Escenicas aDramaturgia y el diseño teatral tArtes MusicalesaLa Sonata para clarinete y Piano La Música y la estimulación temprana Entre la devoción y la subversión La Musicoterapia  tArtes VisualesaEl desnudo y el voyeur en la plástica De cazadores de cabezas y Mickey Mouse  tProducción AudiovisualaLos efectos (Pos)traumáticos  tTeatroaEl diablo y el Buen Dios Deja Vu tSemiotica aLos simpson como Sensibilidad y Concepto Somos simples decidores de palabras... tTeatroaAyleen y Hussein  2Tesauro de Arte & ArquitecturaaARTE9703 2Tesauro de Arte & ArquitecturaaHISTORIA 2Tesauro de Arte & ArquitecturaaARTE COSTARRICENSE 2Tesauro de Arte & ArquitecturaaCULTURA 2Tesauro de Arte & ArquitecturaaARTE LATINOAMERICANO 2Tesauro de Arte & ArquitecturaaTEORIA 2Tesauro de Arte & ArquitecturaaCRITICA 2Tesauro de Arte & ArquitecturaaTEATRO 2Tesauro de Arte & ArquitecturaaCOSTA RICA 2ddcc1h792.05iG143en0 c3455d3455 00102ddc33240708RevistasaLVbLVd2023-04-24h65i003587l0o792.05 G143ep003587r2023-04-24 00:00:00w2023-04-24y1